000 01066nam a22002537a 4500
003 Uzh_bibl
008 260415b |||||||| |||| 00| 0 ukr d
020 _a-
_c3.00
040 _bукр.
041 _2hun
_aukr
080 _a087.5
090 _a087.5
_b317
100 _a-
245 _aЗайчиків дзвіночок
_cУпоряд. та пер. з угор. І.В.Хланта
_hТекст
260 _aУжгород
_b"Патент"
_c1997
300 _a40 с.
_bіл.
520 _aДо збірника ввійшли найбільш популярні угорські народні казки про тварин.
521 _aДля дошкільного та молодшого шкільного віку
546 _aукр.
650 _aКраєзнавча література
_xЛітературно-художнє видання
653 _aЛисиця і качки
_aЛисиця і сир
_aЯк лисиця вчилася літати
655 _aХудожня література
_vКазки
942 _2udc
_cBK
999 _c17341
_d17341